| 000 | 00000nam 2200000za 4500 |
| 001 | 9.842484 |
| 003 | CaOODSP |
| 005 | 20250218093147 |
| 007 | cr ||||||||||| |
| 008 | 170911s2004 onca |o f|0| 0 fre d |
| 040 | |aCaOODSP|bfre |
| 043 | |an-cn--- |
| 086 | 1 |aFA3-127/2004F-PDF |
| 110 | 1 |aCanada. |bBureau du vérificateur général. |
| 245 | 10|aRétrospective et perspectives |h[ressource électronique] : |bpremier rapport de la vérificatrice générale à la deuxième législature de l’Assemblée du Nunavut 2004. |
| 260 | |a[Ottawa] : |bVérificatrice générale du Canada, |c2004. |
| 300 | |a70 p. : |bill. |
| 500 | |aPubli. aussi en anglais sous le titre : Looking back and moving forward : Auditor General of Canada's first report to the Second Legislative Assembly of Nunavut 2004. |
| 520 | |a« Nous avons préparé ce Rapport afin de soulever des questions qui sont, à notre avis, importantes et nous espérons que les députés de la deuxième législature du Nunavut vont en tenir compte lors de la définition des priorités de l’Assemblée législative »--p. 1. |
| 692 | 07|2gccst|aVérification |
| 692 | 07|2gccst|aAssemblée législative |
| 775 | 08|tLooking back and moving forward |w(CaOODSP)9.842479 |
| 775 | 08|t[Rétrospective et perspectives |w(CaOODSP)9.842489 |
| 856 | 40|qPDF|s313 Ko|uhttps://publications.gc.ca/collections/collection_2017/bvg-oag/FA3-127-2004-fra.pdf |